Introduction to languages and the theory of computation (Record no. 191810)

MARC details
000 -LEADER
fixed length control field 00425nam a2200157Ia 4500
005 - DATE AND TIME OF LATEST TRANSACTION
control field 20250519152039.0
008 - FIXED-LENGTH DATA ELEMENTS--GENERAL INFORMATION
fixed length control field 231217s9999 xx 000 0 und d
020 ## - INTERNATIONAL STANDARD BOOK NUMBER
International Standard Book Number 9780070660489
082 ## - DEWEY DECIMAL CLASSIFICATION NUMBER
Classification number 001.6424 MAR;10
100 ## - MAIN ENTRY--PERSONAL NAME
Personal name Martin, John C.
245 #0 - TITLE STATEMENT
Title Introduction to languages and the theory of computation
250 ## - EDITION STATEMENT
Edition statement 3rd ed.
260 ## - PUBLICATION, DISTRIBUTION, ETC. (IMPRINT)
Date of publication, distribution, etc. 2003
Name of publisher, distributor, etc. Tata McGraw-Hill
Place of publication, distribution, etc. New Delhi
300 ## - PHYSICAL DESCRIPTION
Extent xiii, 543
942 ## - ADDED ENTRY ELEMENTS (KOHA)
Koha item type Books
Holdings
Date last seen Total Checkouts Full call number Accession number Old discount Price effective from Category Lost status Damaged status Department Withdrawn status bill date Permanent Location Current Location Shelving location Entry date Grants Currency symbol Conversion rate Discount Discount type Public note
26/01/2024   001.6424 MAR;10 77534   26/01/2024 Books     CS   26/12/2015 Central Library Central Library Central Library 07/03/2011 CS RS 1   Rupees  
26/01/2024   001.6424 MAR;11 79549   26/01/2024 Books     Central Library   05/10/2016 Central Library Central Library Central Library 22/08/2011 DONATED RS 1   Rupees  
26/01/2024   001.6424 MAR;12 89264   26/01/2024 Books     MCA     Central Library Central Library MCA 04/08/2014 DONATED RS 1   Rupees Donated by MCA by Dept.

© For any Suggestions or Query, please contact the library staff @ librarian@pes.edu or Phone: +9180 2672 1983/ 2108.